书目信息 |
| 题名: |
煤炭开发建设项目生态环境保护研究与实践
|
|
| 作者: | 牟广丰 , 吴波 , 祝兴祥 主编 ;国家环境保护总局 编 | |
| 分册: | ||
| 出版信息: | 北京 中国环境科学出版社 2006 |
|
| 页数: | 307页 | |
| 开本: | 26cm | |
| 丛书名: | ||
| 单 册: | ||
| 中图分类: | X322 | |
| 科图分类: | ||
| 主题词: | 煤炭资源--资源开发--生态环境--环境保护--研究 , 煤炭资源 , 生态环境 , 环境保护 , 资源开发 | |
| 电子资源: | ||
| ISBN: | 7-80209-376-7 | |
| 000 | 01437nam0 2200337 450 | |
| 001 | 070730000999 | |
| 005 | 20071015100156.89 | |
| 010 | @a7-80209-376-7@dCNY80.00 | |
| 035 | @a003340232 | |
| 100 | @a20070108d2006 em y0chiy0110 ea | |
| 101 | 0 | @achi |
| 102 | @aCN@b110000 | |
| 105 | @aa z 000yy | |
| 200 | 1 | @a煤炭开发建设项目生态环境保护研究与实践@Amei tan kai fa jian she xiang mu sheng tai huan jing bao hu yan jiu yu shi jian@f祝兴祥,牟广丰,吴波主编@g国家环境保护总局环境影响评价管理司编 |
| 210 | @a北京@c中国环境科学出版社@d2006 | |
| 215 | @a307页@c图@d26cm | |
| 312 | @a封面英文题名:Research and practice of ecological protection for coal resource development and construction projects | |
| 330 | @a本书对如何合理开发利用煤炭资源,尽量减少对土地、水、生态的影响,遏制矿区生态环境恶化趋势,对于促进国民经济和社会健康发展意义重大。 | |
| 510 | 1 | @aResearch and practice of ecological protection for coal resource development and construction projects@zeng |
| 606 | 0 | @a煤炭资源@x资源开发@x生态环境@x环境保护@x研究 |
| 606 | 0 | @a煤炭资源 |
| 606 | 0 | @a生态环境 |
| 606 | 0 | @a环境保护 |
| 606 | 0 | @a资源开发 |
| 690 | @aX322@v4 | |
| 701 | 0 | @a牟广丰@Amu guang feng@c(公务员)@4主编 |
| 701 | 0 | @a吴波@Awu bo@c(环境保护)@4主编 |
| 701 | 0 | @a祝兴祥@Azhu xing xiang@4主编 |
| 712 | 02 | @a国家环境保护总局@Aguo jia huan jing bao hu zong ju@b环境影响评价管理司@4编 |
| 801 | 0 | @aCN@c20071015 |
| 905 | @dX322@eZ916 | |
| 煤炭开发建设项目生态环境保护研究与实践/祝兴祥,牟广丰,吴波主编/国家环境保护总局环境影响评价管理司编.-北京:中国环境科学出版社,2006 |
| 307页:图;26cm |
| ISBN 7-80209-376-7:CNY80.00 |
| 本书对如何合理开发利用煤炭资源,尽量减少对土地、水、生态的影响,遏制矿区生态环境恶化趋势,对于促进国民经济和社会健康发展意义重大。 |
| ● |
| 相关链接 |
|
|
|
正题名:煤炭开发建设项目生态环境保护研究与实践
索取号:X322/Z916
 
预约/预借
| 序号 | 登录号 | 条形码 | 馆藏地/架位号 | 状态 | 备注 |
| 1 | 652370 | 206523706 | 自科库501/501自科库 66排6列2层/ [索取号:X322/Z916] | 在馆 |